LDR 00968nam a2200241 i 4500 001 000000047914 003 CaOOAMICUS 005 20260520110126.0 008 140519s1996 it u000 u ita u 013 $a19084 020 $a88-7016-226-5 040 $aSeMil$bita 245 10$aReligione e rivelazione ; L'essere e Dio /$cPaul Tillich. 300 $a364 p. ;$c23 cm 490 0 $aSola Scriptura : nuovi studi teologici ;$v16 773 0 $aTillich, Paul Johannes <1886-1965>$tTeologia sistematica.$dTorino : Claudiana, 1996-2006.$kSola Scriptura$g1$w()1630 830 0$aSola Scriptura ;$v16.$0(OLS)http://semarc/title/9376 850 $aSeMil 852 $aSeMil$W1$xVenegono$y1$m2B III 634$j272289$B14069$CSeMilBibl$Z2$F14069 $81 961 $aAcquisto: Distributore 996 $6020$a88-7016-226-5$9(OLS)http://semarc/number/20788 996 $6245$aReligione e rivelazione ; L'essere e Dio$9(OLS)http://semarc/title/72345